| 000 | 00934nam a22002177a 4500 | ||
|---|---|---|---|
| 999 |
_c7628 _d7628 |
||
| 003 | AR-CdUCM | ||
| 008 | 190321b ||||| |||| 00| 0 spa d | ||
| 040 |
_aMUNICIPALIDAD PROVINCIAL DEL CUSCO _cBIBLIOTECA MUNICIPAL DEL CUSCO |
||
| 082 |
_a510.02 / _bB84 |
||
| 100 |
_aBronshtein, I. _921539 |
||
| 245 | _aManual de Matemáticas / | ||
| 260 |
_aMoscú : _bMIR , _c1971. |
||
| 300 |
_a696 páginas ; _c17.2 cm. |
||
| 505 | _aContenido : Tablas de las funciones Principales (elementales) -- Tablas de funciones especiales -- Funciones Elementales -- Curvas Escenciales -- Transformacions de identidades -- Ecuaciones -- Capítulos complementarios del Álgebra -- Planimetría -- Estereometría -- Trigonometría plana... | ||
| 650 |
_aMatematicas Aplicadas _921540 |
||
| 650 |
_aMatematica Clasica _921541 |
||
| 650 |
_aMatematica para Ingenieros _921542 |
||
| 700 |
_aSemendiaev, K. _921543 |
||
| 942 |
_2ddc _cLIBROS |
||
| 945 | _artm | ||